The contemporary world / Dr. Mariano M. Ariola, Dr. Minsoware S. Bacolod. (Record no. 21314)
| 000 -LEADER | |
|---|---|
| fixed length control field | 00624nam a22001937a 4500 |
| 020 ## - INTERNATIONAL STANDARD BOOK NUMBER | |
| ISBN | 9786214271887 |
| 082 ## - DEWEY DECIMAL CLASSIFICATION NUMBER | |
| Classification number | 361 |
| Item number | Ar712 2024 |
| 100 ## - MAIN ENTRY--AUTHOR NAME | |
| Personal name | Ariola, Mariano M., author. |
| 245 ## - TITLE STATEMENT | |
| Title | The contemporary world / Dr. Mariano M. Ariola, Dr. Minsoware S. Bacolod. |
| 250 ## - EDITION STATEMENT | |
| Edition statement | Second edition. |
| 260 ## - PUBLICATION, DISTRIBUTION, ETC. (IMPRINT) | |
| Place of publication | Manila : |
| Name of publisher | Unlimited Books Library Services & Publishing Inc., |
| Year of publication | ©2024. |
| 300 ## - PHYSICAL DESCRIPTION | |
| Number of Pages | ix, 131 pages ; |
| Other physical details | 23 cm |
| 500 ## - GENERAL NOTE | |
| General note | Includes bibliographical references and index. |
| 650 ## - SUBJECT ADDED ENTRY--TOPICAL TERM | |
| Topical Term | Globalization. |
| 650 ## - SUBJECT ADDED ENTRY--TOPICAL TERM | |
| Topical Term | World economics. |
| 650 ## - SUBJECT ADDED ENTRY--TOPICAL TERM | |
| Topical Term | Social issues. |
| 700 ## - ADDED ENTRY--PERSONAL NAME | |
| Personal name | Bacolod, Minsoware S. |
| 942 ## - ADDED ENTRY ELEMENTS (KOHA) | |
| Koha item type | Books |
| Source of acquisition | Permanent Location | Date acquired | Koha item type | Collection code | Accession Number | Lost status | Shelving location | Withdrawn status | Current Location | Full call number |
|---|---|---|---|---|---|---|---|---|---|---|
| School | Cagayan State University - Carig Library | 2025-08-28 | Books | Social Sciences | 011096 | General Collection | Cagayan State University - Carig Library | 361 Ar712 2024 | ||
| School | Cagayan State University - Carig Library | 2025-08-28 | Books | Social Sciences | 011097 | General Collection | Cagayan State University - Carig Library | 361 Ar712 2024 | ||
| School | Cagayan State University - Carig Library | 2025-08-28 | Books | Social Sciences | 011098 | General Collection | Cagayan State University - Carig Library | 361 Ar712 2024 |